[Event "20th European Teams Women"]
[Site "Reykjavik ISL"]
[Date "2015.11.21"]
[Round "8.9"]
[Board "2"]
[White "Puuska, Heini"]
[Black "Kristinardottir, Elsa Maria"]
[Result "1-0"]
[WhiteTitle "WFM"]
[WhiteElo "1967"]
[BlackElo "1887"]
[WhiteTeam "Finland"]
[BlackTeam "Iceland"]
[WhiteFideId "502324"]
[BlackFideId "2300370"]
[EventDate "2015.11.13"]

1. d4 d5 2. Nf3 Nf6 3. e3 e6 4. Bd3 c5 5. b3 Nc6 6. Bb2 Be7 7. a3 a6 8. Nbd2 b5
9. dxc5 Bxc5 10. O-O O-O 11. Qe2 Bd6 12. e4 Bf4 13. c4 bxc4 14. bxc4 d4 15. e5
Nxe5 16. Nxe5 Qd6 17. Ndf3 Bb7 18. a4 Rfd8 19. Ba3 Qc7 20. Rab1 Nd7 21. Nxd7
Rxd7 22. Rfe1 Rad8 23. Ne5 Bxe5 24. Qxe5 Qc6 25. Qe4 Qxe4 26. Bxe4 Bxe4 27. Rxe4
d3 28. Ree1 Rd4 29. Be7 Re8 30. c5 h6 31. Bd6 Rxa4 32. Red1 Rd4 33. Rb3 1-0

[Event "20th European Teams Women"]
[Site "Reykjavik ISL"]
[Date "2015.11.21"]
[Round "8.9"]
[Board "3"]
[White "Thorsteinsdottir, Gudlaug"]
[Black "Turunen, Tiina"]
[Result "1-0"]
[WhiteTitle "WFM"]
[WhiteElo "2005"]
[BlackElo "1764"]
[WhiteTeam "Iceland"]
[BlackTeam "Finland"]
[WhiteFideId "2300753"]
[BlackFideId "510947"]
[EventDate "2015.11.13"]

1. e4 c6 2. d4 d5 3. f3 dxe4 4. fxe4 g6 5. Nf3 Bg4 6. Bc4 e6 7. Nc3 Bh6 8. Bxh6
Nxh6 9. Qd2 Bxf3 10. gxf3 Qh4+ 11. Qf2 Qe7 12. O-O-O Nd7 13. d5 Nb6 14. Bb3
O-O-O 15. a4 Kb8 16. Qd2 Ng8 17. d6 Qf6 18. f4 h5 19. Rhf1 Nh6 20. Qd3 Nd7 21.
e5 Qf5 22. Qc4 Rc8 23. Ne4 Rhd8 24. c3 Ng4 25. Ng3 Ne3 26. Qe2 Qh3 27. Qxe3 h4
28. Rf3 hxg3 29. Rxg3 Qh8 30. h4 Rg8 31. Rdg1 Rg7 32. h5 Qg8 33. hxg6 fxg6 34.
f5 Nf8 35. fxe6 Nxe6 36. Qh6 Re8 37. Rxg6 Rxg6 38. Rxg6 Qf7 39. Rf6 Qg7 40. Bxe6
Qg1+ 41. Kc2 Qg2+ 42. Kb3 Qe2 43. Rf8 1-0

[Event "20th European Teams Women"]
[Site "Reykjavik ISL"]
[Date "2015.11.21"]
[Round "8.9"]
[Board "4"]
[White "Kujasalo, Marjatta"]
[Black "Magnusdottir, Veronika Steinunn"]
[Result "0-1"]
[WhiteElo "1605"]
[BlackElo "1753"]
[WhiteTeam "Finland"]
[BlackTeam "Iceland"]
[WhiteFideId "507466"]
[BlackFideId "2309114"]
[EventDate "2015.11.13"]

1. Nf3 Nf6 2. d4 d5 3. g3 c6 4. Bg2 Bf5 5. h3 h6 6. b3 e6 7. Bb2 Bd6 8. Nbd2
Nbd7 9. O-O O-O 10. c4 Qe7 11. Ne5 Rfd8 12. f4 c5 13. Kh2 cxd4 14. Bxd4 Bc5 15.
Bxc5 Nxc5 16. Qe1 Nfe4 17. Nxe4 Bxe4 18. Nf3 dxc4 19. bxc4 Rac8 20. Qf2 b6 21.
h4 Nd7 22. Rac1 Rc5 23. Rfd1 Nf6 24. Rxd8+ Qxd8 25. Bh3 Bb7 26. Ne5 Qc7 27. Qd4
Ba6 28. Rd1 Bxc4 29. Qd8+ Kh7 30. Nxc4 Qxd8 31. Rxd8 Rxc4 32. Kg2 Rc2 33. Kf3
Rxa2 34. Bg2 Ra3+ 35. e3 Nd5 36. Ke4 Rxe3+ 37. Kd4 Rxg3 38. Be4+ f5 39. Bxf5+
exf5 40. Rxd5 Rg4 41. Rxf5 Kg6 42. Ke5 Rxh4 43. Rf8 Rh1 44. Ke6 a5 45. Rb8 Rb1
46. f5+ Kg5 47. Rg8 Re1+ 48. Kd5 Kxf5 49. Rxg7 a4 50. Kc4 Rb1 51. Rd7 b5+ 52.
Kc3 a3 0-1

[Event "20th European Teams Women"]
[Site "Reykjavik ISL"]
[Date "2015.11.21"]
[Round "8.10"]
[Board "1"]
[White "Blagojevic, Tijana"]
[Black "Houska, Jovanka"]
[Result "0-1"]
[WhiteTitle "WIM"]
[BlackTitle "IM"]
[WhiteElo "2312"]
[BlackElo "2391"]
[WhiteTeam "Montenegro"]
[BlackTeam "England"]
[WhiteFideId "16500270"]
[BlackFideId "405094"]
[EventDate "2015.11.13"]

1. e4 c6 2. d4 d5 3. e5 Bf5 4. Nd2 e6 5. Nb3 Ne7 6. Nf3 Nc8 7. Be2 Nd7 8. O-O
Be7 9. Ne1 c5 10. dxc5 Nxc5 11. Nxc5 Bxc5 12. Bb5+ Kf8 13. Qe2 Ne7 14. Be3 Rc8
15. c3 Qb6 16. Bxc5 Rxc5 17. Bd3 h5 18. Kh1 Rc8 19. Bxf5 Nxf5 20. Rd1 g6 21. Nf3
Rc4 22. Rd3 Kg7 23. Rfd1 Rhc8 24. Qd2 Qc7 25. Qg5 Qe7 26. Qd2 b5 27. Nd4 Nxd4
28. Rxd4 a5 29. a3 b4 30. cxb4 axb4 31. a4 b3 32. Rxc4 Rxc4 33. Ra1 Qc5 34. Kg1
Rc2 35. Qf4 Rxb2 36. Qf6+ Kg8 37. Qd8+ Qf8 38. Qxf8+ Kxf8 39. g3 g5 40. Ra3 d4
41. Kf1 d3 42. Ke1 Re2+ 43. Kf1 b2 0-1

[Event "20th European Teams Women"]
[Site "Reykjavik ISL"]
[Date "2015.11.21"]
[Round "8.10"]
[Board "2"]
[White "Ciuksyte, Dagne"]
[Black "Milovic, Aleksandra"]
[Result "0-1"]
[WhiteTitle "IM"]
[BlackTitle "WIM"]
[WhiteElo "2356"]
[BlackElo "2202"]
[WhiteTeam "England"]
[BlackTeam "Montenegro"]
[WhiteFideId "12800619"]
[BlackFideId "933988"]
[EventDate "2015.11.13"]

1. e4 d5 2. exd5 Qxd5 3. Nc3 Qd8 4. Bc4 Nf6 5. Nf3 a6 6. d4 b5 7. Bd3 Bb7 8. O-O
e6 9. Re1 Be7 10. Bg5 O-O 11. Qe2 Nc6 12. Rad1 Nb4 13. Bxf6 Bxf6 14. Be4 Bxe4
15. Nxe4 Nd5 16. c3 c6 17. b3 Qa5 18. c4 Nc3 19. Qd2 b4 20. Nxf6+ gxf6 21. Ra1
Qf5 22. Re3 Kh8 23. Rae1 Rg8 24. Kh1 Rad8 25. a3 a5 26. axb4 axb4 27. Rxc3 bxc3
28. Qxc3 Rg4 29. g3 e5 30. Kg2 exd4 31. Qb4 c5 32. Qb6 Rgg8 33. Nh4 Qg5 34. Nf3
Qg6 35. Qxc5 d3 36. Qe3 Rd6 37. Qd2 Re6 38. Re3 Rxe3 39. Qxe3 Qf5 40. b4 Rd8 41.
b5 Qd7 42. Nd2 Re8 43. Qf4 Kg7 44. b6 Re2 45. Kf3 Qc6+ 46. Ne4 Rb2 47. Ke3 Qxb6+
48. Kxd3 Qb3+ 49. Kd4 Qd1+ 50. Kc5 Qd8 51. Qg4+ Kf8 52. Qf5 Qa5+ 0-1

[Event "20th European Teams Women"]
[Site "Reykjavik ISL"]
[Date "2015.11.21"]
[Round "8.10"]
[Board "3"]
[White "Stojanovic, Marija R"]
[Black "Sarakauskiene, Zivile"]
[Result "1/2-1/2"]
[WhiteTitle "WIM"]
[BlackTitle "WIM"]
[WhiteElo "2153"]
[BlackElo "2145"]
[WhiteTeam "Montenegro"]
[BlackTeam "England"]
[WhiteFideId "931411"]
[BlackFideId "12800864"]
[EventDate "2015.11.13"]

1. e4 c5 2. b3 b6 3. Bb2 Bb7 4. Nc3 e6 5. Nf3 a6 6. a4 Nc6 7. g3 Nf6 8. Bg2 Be7
9. O-O O-O 10. d4 cxd4 11. Nxd4 Qc7 12. Re1 d6 13. Nce2 Rac8 14. c4 Rfd8 15. Rc1
Qb8 16. Nf4 Nxd4 17. Bxd4 e5 18. Nd5 Bxd5 19. exd5 Nd7 20. Bh3 Rc7 21. f4 Bf6
22. Bxd7 exd4 23. Bc6 Qc8 24. Qf3 Qh3 25. Re2 g6 26. Rce1 Kg7 27. Re4 h5 28. Qg2
Qxg2+ 29. Kxg2 g5 30. fxg5 Bxg5 31. Rxd4 Bf6 32. Rde4 a5 33. Kf3 Be5 34. Rxe5
dxe5 35. Rxe5 Kg6 36. Ke4 Rd6 37. Re8 Kf6 38. Rh8 Re7+ 39. Kd4 Re1 40. Rxh5 Rd1+
41. Kc3 Rc1+ 42. Kd2 Rb1 43. Kc3 Rc1+ 44. Kd2 Rb1 45. Kc3 Rc1+ 1/2-1/2

[Event "20th European Teams Women"]
[Site "Reykjavik ISL"]
[Date "2015.11.21"]
[Round "8.10"]
[Board "4"]
[White "Bhatia, Kanwal K"]
[Black "Krpovic, Natasa"]
[Result "1/2-1/2"]
[WhiteTitle "WFM"]
[BlackTitle "WFM"]
[WhiteElo "2072"]
[BlackElo "2098"]
[WhiteTeam "England"]
[BlackTeam "Montenegro"]
[WhiteFideId "407496"]
[BlackFideId "910791"]
[EventDate "2015.11.13"]

1. e4 e6 2. d4 d5 3. Nd2 dxe4 4. Nxe4 Bd7 5. Nf3 Bc6 6. Bd3 Nf6 7. Ng3 Bd6 8.
O-O Bxf3 9. Qxf3 c6 10. c3 Nbd7 11. Re1 O-O 12. Bg5 Be7 13. c4 Re8 14. Rad1 Qa5
15. Bd2 Bb4 16. Bxb4 Qxb4 17. Re2 Nf8 18. Nh5 Nxh5 19. Qxh5 g6 20. Qg4 Nd7 21.
b3 Rad8 22. Re3 Nf6 23. Qh4 Qe7 24. Rh3 Nh5 25. Qe4 Nf6 26. Qe5 Nd7 27. Qe3 Qf6
28. Be2 Nf8 29. Rf3 Qg7 30. h4 h6 31. Rg3 Nd7 32. f4 Nf8 33. h5 c5 34. hxg6 fxg6
35. dxc5 Rxd1+ 36. Bxd1 Qa1 37. Qe2 Qd4+ 38. Kh1 Rd8 39. Bc2 Qxf4 40. Rd3 Rxd3
41. Qxd3 Qh4+ 42. Kg1 Qe1+ 43. Qf1 Qe3+ 44. Qf2 Qc1+ 45. Kh2 Qg5 46. b4 Nd7 47.
Qg3 Qh5+ 48. Qh3 Qe5+ 49. Qg3 Qh5+ 50. Kg1 Ne5 51. Qh3 Qg5 52. Qxe6+ Kg7 53. Qd5
Qe3+ 54. Kf1 Qf4+ 55. Ke1 Nxc4 56. Qxb7+ Kf8 57. Qf3 Qxf3 58. gxf3 g5 59. Be4
Ke7 60. Kf2 h5 61. Bg6 Ne5 62. Bxh5 Nd3+ 63. Ke3 Nxb4 64. a4 a5 65. Kd4 Nc6+ 66.
Kc4 Na7 67. Bg4 Kd8 68. Kd5 Kc7 69. Bf5 Nc6 70. Be4 Nb4+ 71. Kc4 Na2 72. Ba8 Kb8
73. Bc6 Kc7 74. Bb5 Nb4 75. Kd4 Nc2+ 76. Kd5 Ne3+ 77. Ke4 Nc2 78. Kd3 Nb4+ 79.
Kd4 Nc2+ 80. Ke5 Na3 81. Be8 Nc4+ 82. Kf5 Nd2 83. Kg4 Nb3 84. c6 Nc5 85. Kxg5
Nxa4 86. f4 Nc5 87. f5 a4 88. Bf7 Kxc6 89. Be8+ Kd6 90. Bxa4 Nxa4 91. f6 Nb6 92.
f7 Ke7 1/2-1/2

[Event "20th European Teams Women"]
[Site "Reykjavik ISL"]
[Date "2015.11.21"]
[Round "8.11"]
[Board "1"]
[White "De Blecourt, Sandra"]
[Black "Havlikova, Kristyna"]
[Result "0-1"]
[WhiteTitle "WFM"]
[BlackTitle "WIM"]
[WhiteElo "2141"]
[BlackElo "2323"]
[WhiteTeam "Denmark"]
[BlackTeam "Czech Republic"]
[WhiteFideId "1004948"]
[BlackFideId "309672"]
[EventDate "2015.11.13"]

1. d4 Nf6 2. c4 g6 3. Nc3 d5 4. cxd5 Nxd5 5. Bd2 Bg7 6. e4 Nxc3 7. Bxc3 O-O 8.
Qd2 Nc6 9. d5 Ne5 10. f4 Ng4 11. Nf3 e6 12. Bb4 Re8 13. O-O-O exd5 14. h3 Nf6
15. exd5 a5 16. Bxa5 Ne4 17. Qb4 b6 18. Bb5 Bd7 19. Bxd7 Qxd7 20. Ne5 Qf5 21.
Bxb6 cxb6 22. Rhf1 Bxe5 23. fxe5 Rec8+ 24. Kb1 Nc3+ 0-1

[Event "20th European Teams Women"]
[Site "Reykjavik ISL"]
[Date "2015.11.21"]
[Round "8.11"]
[Board "2"]
[White "Olsarova, Karolina"]
[Black "Guindy, Esmat"]
[Result "1-0"]
[WhiteTitle "WIM"]
[BlackTitle "WFM"]
[WhiteElo "2224"]
[BlackElo "2057"]
[WhiteTeam "Czech Republic"]
[BlackTeam "Denmark"]
[WhiteFideId "320242"]
[BlackFideId "1401637"]
[EventDate "2015.11.13"]

1. e4 e6 2. d4 d5 3. Nd2 Nf6 4. e5 Nfd7 5. Bd3 c5 6. c3 Nc6 7. Ne2 cxd4 8. cxd4
f6 9. exf6 Nxf6 10. Nf3 Bd6 11. O-O O-O 12. Bg5 Bd7 13. Bh4 Be8 14. Bb1 Bh5 15.
Qd3 Qd7 16. Bg3 Ne4 17. Ne5 Bxe5 18. Bxe5 Bg6 19. Qe3 Rac8 20. Bf4 Bf5 21. Bxe4
Bxe4 22. Rac1 Qf7 23. Bg3 h6 24. Rc3 Qd7 25. Rfc1 Nb4 26. f3 Bf5 27. Rc7 Rxc7
28. Rxc7 Qa4 29. Nc3 Qc2 30. Bd6 Na6 31. Rxb7 Rf7 32. Rxf7 Kxf7 33. Qe2 Qxe2 34.
Nxe2 Ke8 35. Nc3 Bd3 36. a3 g6 37. Kf2 Kd7 38. Bf4 g5 39. Be5 Nc7 40. Ke3 Bf1
41. g4 Ne8 42. Ne2 Kc6 43. Kf2 Bxe2 44. Kxe2 Kb5 45. b3 1-0

[Event "20th European Teams Women"]
[Site "Reykjavik ISL"]
[Date "2015.11.21"]
[Round "8.11"]
[Board "3"]
[White "Stolberg-Rohr, Thomine"]
[Black "Olsarova, Tereza"]
[Result "1-0"]
[WhiteTitle "WFM"]
[BlackTitle "WGM"]
[WhiteElo "1985"]
[BlackElo "2307"]
[WhiteTeam "Denmark"]
[BlackTeam "Czech Republic"]
[WhiteFideId "1504258"]
[BlackFideId "325449"]
[EventDate "2015.11.13"]

1. e4 e5 2. Nf3 Nc6 3. Bb5 g6 4. d4 exd4 5. Nxd4 Bg7 6. c3 Nxd4 7. cxd4 c5 8.
O-O Bxd4 9. Nd2 Qb6 10. Bc4 Ne7 11. Nf3 Bg7 12. Bg5 Bf6 13. e5 Bxg5 14. Nxg5 O-O
15. Qf3 d5 16. exd6 Nf5 17. Nxf7 Kg7 18. Rae1 Qxb2 19. Qd5 Qd4 20. Ng5 Qxd5 21.
Bxd5 Nxd6 22. Re7+ Kf6 23. Nxh7+ Kxe7 24. Re1+ Kd8 25. Nxf8 Bf5 26. Ne6+ Bxe6
27. Rxe6 Kc7 28. Rxg6 Re8 29. h4 c4 30. h5 Re5 31. Rg7+ Kb6 32. Bxc4 Nxc4 33. h6
Rh5 34. h7 Kc6 35. g4 Rh4 36. g5 Ne5 37. f4 Nd7 38. Rxd7 Kxd7 39. g6 1-0

[Event "20th European Teams Women"]
[Site "Reykjavik ISL"]
[Date "2015.11.21"]
[Round "8.11"]
[Board "4"]
[White "Sikorova, Olga"]
[Black "Vangsgaard, Freja"]
[Result "1-0"]
[WhiteTitle "WGM"]
[WhiteElo "2230"]
[BlackElo "1980"]
[WhiteTeam "Czech Republic"]
[BlackTeam "Denmark"]
[WhiteFideId "307033"]
[BlackFideId "1436589"]
[EventDate "2015.11.13"]

1. c4 Nf6 2. Nf3 b6 3. b3 Bb7 4. Bb2 e6 5. g3 d5 6. Bg2 Be7 7. O-O O-O 8. e3
Nbd7 9. Nc3 c5 10. d3 Rc8 11. Qe2 Qc7 12. e4 d4 13. Nb5 Qb8 14. Nd2 Ne5 15. h3
Nc6 16. f4 Nb4 17. Na3 a5 18. e5 Bxg2 19. Kxg2 Ne8 20. Ne4 Qb7 21. Kh2 Nc7 22.
Rf2 Ra8 23. g4 f5 24. exf6 Bxf6 25. Nd6 Qc6 26. Nab5 Rad8 27. Nxc7 Rxd6 28. Nb5
Rd7 29. a3 Na6 30. g5 Bd8 31. Re1 Re7 32. Bc1 Nc7 33. a4 Nxb5 34. axb5 Qd7 35.
Qe4 Bc7 36. Kg2 Rf5 37. Qa8+ Rf8 38. Qe4 Rf5 39. h4 Bd6 40. Qa8+ Rf8 41. Qe4 Rf5
42. Rfe2 g6 43. Qa8+ Kg7 44. Qe4 e5 45. Qc6 Qxc6+ 46. bxc6 Bc7 47. Kf3 Kf7 48.
Kg4 Ke8 49. h5 Kd8 50. hxg6 hxg6 51. Rh1 Re6 52. Rh8+ Ke7 53. Rh7+ Rf7 54. Rxf7+
Kxf7 55. fxe5 Rxc6 56. Bf4 Ke6 57. Rh2 Kf7 58. Rh7+ Kg8 59. Rd7 Kf8 60. Kf3 Ke8
61. Rh7 Bd8 62. Ke4 Rc7 63. Rh8+ Ke7 64. Rg8 Rc6 65. Kd5 Kd7 66. Rxd8+ 1-0

[Event "20th European Teams Women"]
[Site "Reykjavik ISL"]
[Date "2015.11.21"]
[Round "8.12"]
[Board "1"]
[White "Daulyte, Deimante"]
[Black "Reizniece-Ozola, Dana"]
[Result "1/2-1/2"]
[WhiteTitle "IM"]
[BlackTitle "WGM"]
[WhiteElo "2369"]
[BlackElo "2209"]
[WhiteTeam "Lithuania"]
[BlackTeam "Latvia"]
[WhiteFideId "12802859"]
[BlackFideId "11601124"]
[EventDate "2015.11.13"]

1. e4 g6 2. d4 Bg7 3. Nc3 d6 4. Be3 a6 5. a4 b6 6. g3 Bb7 7. Bg2 Nf6 8. Nge2 O-O
9. h3 b5 10. axb5 axb5 11. Rxa8 Bxa8 12. Qd3 b4 13. Nd5 Nxd5 14. exd5 c6 15. O-O
Qa5 16. dxc6 Bxc6 17. Bxc6 Nxc6 18. Qc4 Qa8 19. Rd1 Rc8 20. Qb3 e6 21. d5 exd5
22. Nd4 Nxd4 23. Bxd4 Bxd4 24. Rxd4 Rc4 25. Rxc4 dxc4 26. Qxb4 Qe4 27. Qxd6 Qxc2
28. Qd8+ Kg7 29. Qd4+ Kg8 30. Qd8+ Kg7 31. Qd4+ Kg8 32. h4 h5 33. Qd8+ Kg7 34.
Qd4+ Kg8 35. Kg2 Qe2 36. Qd8+ Kg7 37. Qd4+ Kg8 38. Qd8+ Kg7 39. Qd4+ Kg8 40.
Qd8+ Kg7 41. Qd4+ 1/2-1/2

[Event "20th European Teams Women"]
[Site "Reykjavik ISL"]
[Date "2015.11.21"]
[Round "8.12"]
[Board "2"]
[White "Rogule, Laura"]
[Black "Zaksaite, Salomeja"]
[Result "1-0"]
[WhiteTitle "WGM"]
[BlackTitle "WIM"]
[WhiteElo "2277"]
[BlackElo "2196"]
[WhiteTeam "Latvia"]
[BlackTeam "Lithuania"]
[WhiteFideId "11601876"]
[BlackFideId "12801496"]
[EventDate "2015.11.13"]

1. d4 Nf6 2. Nf3 d5 3. g3 g6 4. Bg2 Bg7 5. c4 dxc4 6. Na3 Nc6 7. Nxc4 Be6 8. b3
O-O 9. O-O a5 10. Bb2 Bd5 11. e3 a4 12. Qe2 Ra6 13. Rfc1 Ne4 14. Ne1 f5 15. f3
Nd6 16. Nd3 axb3 17. axb3 Rxa1 18. Bxa1 Bf7 19. Bb2 Na7 20. Nce5 Bxb3 21. Nc5
Bd5 22. e4 fxe4 23. fxe4 Bf7 24. Nxf7 Rxf7 25. Ne6 Qe8 26. Nxg7 Rxg7 27. Rxc7
Nab5 28. Rc1 e6 29. d5 e5 30. Bh3 Nc7 31. Ba3 Qb5 32. Qxb5 Ncxb5 33. Be6+ Kf8
34. Bb2 Rc7 35. Rf1+ Ke7 36. Bxe5 Rc4 37. Bf6+ Ke8 38. e5 Ne4 39. d6 Rd4 40. Ra1 1-0

[Event "20th European Teams Women"]
[Site "Reykjavik ISL"]
[Date "2015.11.21"]
[Round "8.12"]
[Board "3"]
[White "Batyte, Daiva"]
[Black "Berzina, Ilze"]
[Result "1/2-1/2"]
[WhiteTitle "WFM"]
[BlackTitle "WGM"]
[WhiteElo "2147"]
[BlackElo "2207"]
[WhiteTeam "Lithuania"]
[BlackTeam "Latvia"]
[WhiteFideId "12801860"]
[BlackFideId "11601345"]
[EventDate "2015.11.13"]

1. c4 e5 2. g3 Nf6 3. Bg2 d5 4. cxd5 Nxd5 5. Nc3 Nb6 6. e3 Nc6 7. Nge2 Be7 8.
O-O O-O 9. f4 Bf5 10. fxe5 Bd3 11. e6 fxe6 12. Rxf8+ Bxf8 13. Nf4 Bf5 14. a4 a5
15. d4 e5 16. Nfd5 Kh8 17. Nxb6 cxb6 18. d5 Nb4 19. e4 Bc5+ 20. Kh1 Bg6 21. Qe2
Qd7 22. Bd2 Nc2 23. Rf1 Nd4 24. Qd3 h6 25. h4 Bh5 26. Be3 Re8 27. Kh2 Bg4 28.
Qd2 Kh7 29. Bxd4 Bxd4 30. Nb5 Bc5 31. Bf3 Bh3 32. Bg2 Bg4 33. Bf3 Bh3 34. Bg2
Bg4 35. Bf3 Bh3 36. Bg2 Bg4 37. Bf3 Bh3 38. Bg2 Bg4 39. Bf3 Bh3 40. Bg2 Bg4 1/2-1/2

[Event "20th European Teams Women"]
[Site "Reykjavik ISL"]
[Date "2015.11.21"]
[Round "8.12"]
[Board "4"]
[White "Skinke, Katrina"]
[Black "Zykiene, Rita"]
[Result "1/2-1/2"]
[WhiteTitle "WIM"]
[WhiteElo "2222"]
[BlackElo "1913"]
[WhiteTeam "Latvia"]
[BlackTeam "Lithuania"]
[WhiteFideId "11602260"]
[BlackFideId "12801348"]
[EventDate "2015.11.13"]

1. e4 d6 2. d4 g6 3. Nc3 Bg7 4. f4 Nf6 5. Nf3 Bg4 6. Be2 O-O 7. h3 Bxf3 8. Bxf3
c6 9. Be3 Qa5 10. e5 dxe5 11. fxe5 Nd5 12. Bxd5 cxd5 13. O-O Nc6 14. a3 Rad8 15.
b4 Qb6 16. Na4 Qc7 17. Bf4 Qc8 18. Qd2 b6 19. c3 f6 20. exf6 exf6 21. Nb2 Rfe8
22. Rf3 Re4 23. Nd3 Qe6 24. Rf2 Re8 25. Raf1 Ne7 26. b5 Nf5 27. Rf3 Re2 28. Qd1
Nd6 29. Bxd6 Qxd6 30. Nf4 R2e4 31. Qb3 Rd8 32. Nd3 f5 33. Nb4 Rd7 34. a4 Qe6 35.
a5 Bf8 36. Nd3 Bd6 37. axb6 axb6 38. Nb4 Bxb4 39. Qxb4 Rc7 40. Qa3 Kg7 41. Kh1
Re1 42. Kh2 Rxf1 43. Rxf1 Re7 44. Ra1 g5 45. Qa8 Qd6+ 46. Kg1 g4 47. hxg4 fxg4
48. Qc8 g3 49. Rf1 Qe6 50. Qxe6 Rxe6 51. Rc1 Re2 52. Kf1 Rf2+ 53. Kg1 Rb2 54.
Kf1 Rf2+ 55. Kg1 Rd2 56. Kf1 h5 57. c4 dxc4 58. Rxc4 Rf2+ 59. Kg1 Rb2 60. Kf1
Rxb5 61. Ke2 Rf5 62. Ke3 Rf6 63. d5 Kf7 64. Rc7+ Ke8 65. Rh7 Rf5 66. Ke4 Rg5 67.
Rb7 h4 68. Rh7 b5 69. Rxh4 b4 70. Rh7 Rg4+ 71. Kf3 Rd4 72. Rb7 Rd3+ 73. Ke4 Rd2
74. Rxb4 Rxg2 75. Kf3 Rg1 76. Rg4 Kd7 1/2-1/2

[Event "20th European Teams Women"]
[Site "Reykjavik ISL"]
[Date "2015.11.21"]
[Round "8.13"]
[Board "1"]
[White "Mueller-Seps, Monika"]
[Black "Sahl, Sheila Barth"]
[Result "0-1"]
[WhiteTitle "WGM"]
[BlackTitle "WIM"]
[WhiteElo "2272"]
[BlackElo "2190"]
[WhiteTeam "Switzerland"]
[BlackTeam "Norway"]
[WhiteFideId "1308521"]
[BlackFideId "1500953"]
[EventDate "2015.11.13"]

1. d4 d5 2. Nf3 Nf6 3. Bg5 Ne4 4. Bf4 c5 5. e3 Nc6 6. Nbd2 Qb6 7. Bd3 Nxd2 8.
Qxd2 c4 9. Be2 Qxb2 10. O-O e6 11. Rab1 Qa3 12. e4 Bb4 13. Qd1 O-O 14. h4 Bc3
15. exd5 exd5 16. Rb5 Rd8 17. Bg5 a6 18. Rb1 Re8 19. h5 h6 20. Be3 b5 21. Nh2
Bf5 22. Bg4 Bxg4 23. Qxg4 Qd6 24. Rbd1 Re4 25. Qf3 Qe6 26. Bxh6 Nxd4 27. Rxd4
Bxd4 28. Bc1 Re8 29. c3 Be5 30. g3 Bc7 31. h6 gxh6 32. Qh5 Re5 33. Qh4 Bd8 34.
Qd4 Re4 35. Qd1 Bg5 36. Nf3 Bxc1 37. Qxc1 Kg7 38. Kg2 Qf6 39. Rd1 Re2 40. Rd4
R8e4 41. Rd2 R4e3 0-1

[Event "20th European Teams Women"]
[Site "Reykjavik ISL"]
[Date "2015.11.21"]
[Round "8.13"]
[Board "2"]
[White "Koskela, Niina"]
[Black "Heinatz, Gundula"]
[Result "1/2-1/2"]
[WhiteTitle "WGM"]
[BlackTitle "WIM"]
[WhiteElo "2204"]
[BlackElo "2204"]
[WhiteTeam "Norway"]
[BlackTeam "Switzerland"]
[WhiteFideId "500755"]
[BlackFideId "4612434"]
[EventDate "2015.11.13"]

1. e4 c5 2. Nf3 Nc6 3. d4 cxd4 4. Nxd4 Nf6 5. Nc3 d6 6. Be2 g6 7. Be3 Bg7 8. Nb3
O-O 9. O-O a6 10. f4 b5 11. Bf3 Bb7 12. Qe1 b4 13. Na4 Nd7 14. Rd1 Qc7 15. Rf2
a5 16. c4 bxc3 17. Nxc3 a4 18. Nb5 Qb8 19. N3d4 Nc5 20. Nc3 Re8 21. Nxc6 Bxc6
22. Bxc5 dxc5 23. e5 Bxf3 24. gxf3 a3 25. b3 f6 26. Re2 fxe5 27. fxe5 Rf8 28.
Nd5 Qb7 29. Qc3 Rac8 30. f4 Kh8 31. Qc4 e6 32. Ne3 Qb4 33. Rf1 Rcd8 34. Qxb4
cxb4 35. Nc2 Bh6 36. Ref2 Rf7 37. Nxb4 Rd4 38. Nc2 Rdxf4 39. Rxf4 Bxf4 40. Kg2
g5 41. b4 Rc7 42. Nxa3 Ra7 43. Rf3 Bxe5 44. Re3 Bd6 45. Rxe6 Bxb4 46. Nc2 Rxa2
47. Rc6 Kg7 48. Kg3 Bd2 49. h4 h6 50. hxg5 hxg5 51. Nd4 Ra4 52. Nf5+ Kf7 53.
Nh6+ Kg7 54. Nf5+ Kh7 55. Rh6+ Kg8 56. Rc6 Kf8 57. Rf6+ Kg8 58. Rc6 Be1+ 59. Kg2
Kf7 60. Nh6+ Kf8 61. Nf5 g4 62. Rf6+ Kg8 63. Re6 Bd2 64. Ng3 Kf7 65. Re4 Rxe4
66. Nxe4 Bf4 1/2-1/2

[Event "20th European Teams Women"]
[Site "Reykjavik ISL"]
[Date "2015.11.21"]
[Round "8.13"]
[Board "3"]
[White "De Seroux, Camille"]
[Black "Dolzhikova, Olga"]
[Result "1-0"]
[WhiteTitle "WFM"]
[BlackTitle "WGM"]
[WhiteElo "2053"]
[BlackElo "2145"]
[WhiteTeam "Switzerland"]
[BlackTeam "Norway"]
[WhiteFideId "1305620"]
[BlackFideId "14105870"]
[EventDate "2015.11.13"]

1. e4 c6 2. d4 d5 3. Nc3 dxe4 4. Nxe4 Nf6 5. Nxf6+ gxf6 6. Bc4 Bf5 7. Ne2 Be4 8.
Nf4 Qa5+ 9. c3 Rg8 10. Qb3 e6 11. Qxb7 Bd6 12. Qxa8 Qc7 13. Bd3 f5 14. Bxe4 fxe4
15. g3 Ke7 16. d5 e5 17. Nh5 c5 18. h4 f6 19. Be3 Rc8 20. Ng7 Qd7 21. Nf5+ Qxf5
22. Qxa7+ Nd7 23. O-O-O Qf3 24. Qa6 Rb8 25. Rhe1 Rb6 26. Qe2 Qg2 27. Qg4 Ra6 28.
Kb1 Kd8 29. Rg1 Qf3 30. Qxf3 exf3 31. g4 e4 32. g5 f5 33. h5 Bh2 34. Rh1 Be5 35.
Rh4 Ke7 36. Rg1 Bg7 37. Rf4 Kd6 38. Rxf5 Ne5 39. h6 Bh8 40. Rf8 Ng6 41. Rf7 Kxd5
42. Rxh7 Ra8 43. Rc7 Ne5 44. g6 1-0

[Event "20th European Teams Women"]
[Site "Reykjavik ISL"]
[Date "2015.11.21"]
[Round "8.13"]
[Board "4"]
[White "Machlik, Monika"]
[Black "Georgescu, Lena"]
[Result "1-0"]
[WhiteElo "2176"]
[BlackElo "2014"]
[WhiteTeam "Norway"]
[BlackTeam "Switzerland"]
[WhiteFideId "1513621"]
[BlackFideId "1331973"]
[EventDate "2015.11.13"]

1. d4 Nf6 2. c4 g6 3. Nc3 Bg7 4. e4 d6 5. f4 O-O 6. Nf3 c5 7. d5 e6 8. dxe6 fxe6
9. Bd3 Nc6 10. O-O Nd4 11. Nxd4 cxd4 12. Nb5 Ne8 13. Bd2 a6 14. Na3 Nf6 15. Nc2
Qb6 16. b4 e5 17. fxe5 dxe5 18. Bg5 Bg4 19. Rxf6 Bxf6 20. Qxg4 Bxg5 21. Qxg5 Qf6
22. Qxf6 Rxf6 23. Rf1 Raf8 24. Rxf6 Rxf6 25. Ne1 Rb6 26. a3 Kg7 27. c5 Rc6 28.
Bc4 Kf6 29. Nd3 Rc7 30. Bd5 Re7 31. Kf2 Rc7 32. Ke2 h5 33. Nb2 a5 34. Nc4 axb4
35. axb4 h4 36. Nd6 Kg5 37. Bxb7 Kf4 38. c6 g5 39. b5 g4 40. b6 Rg7 41. c7 g3
42. c8=Q 1-0